Contabilidad de gestin̤ para el sector portuario, mart̕imo y fluvial

Detalles Bibliográficos
Autor principal: Tapia Echavez, Diomedes E.
Otros Autores: Solar Ramr̕ez, Celmira Rosa, Barrientos Přez, Enoc
Formato: eBook
Lenguaje:español
Publicado: Bogot:̀ ECOE, 2014
Materias:
Acceso en línea:Acceso restringido

MARC

LEADER 00000nam a22000007a 4500
005 2022021109519.0
007 cr|||| ||||
008 220211s2014 co |||||s|||| 00||0 spa d
020 |a 978-958-771-107-3 
035 |a 35803 
040 |a vLex 
090 |c 12957  |d 12957 
100 1 |a Tapia Echavez, Diomedes E. 
245 1 0 |a Contabilidad de gestin̤ para el sector portuario, mart̕imo y fluvial  |h [Recurso electrn̤ico] /  |c Diomedes E. Tapia Echavez, Celmira Rosa Solar Ramr̕ez, Enoc Barrientos Přez 
256 |a Servicio en ln̕ea 
260 |a Bogot:̀  |b ECOE,  |c 2014 
300 |a 1 recurso electrn̤ico 
500 |a Este libro de contabilidad para las operaciones portuarias responde en forma directa a las necesidades del mercado, y principalmente a aquellas instituciones que estǹ presentando un portafolio ms̀ amplio y acorde con dichas necesidades. Debido a la inexistencia de una oferta educativa enfocada en la administracin̤ mart̕ima y fluvial, la contabilidad portuaria ha tenido poco desarrollo a nivel educativo, hasta el punto que ni siquiera aparece en los currc̕ulos de estudios. En esa bs︢queda del conocimiento, este libro presenta un enfoque corporativo para su uso en las sociedades portuarias, buscando que los estudiantes obtengan unas competencias apropiadas y se encuentren preparados para comprender la importancia de la informacin̤ contable. 
506 1 |a Disponible solo en los productos indicados  |d vLex Global  |d vLex Global (Academic Edition, excluding Law Schools)  |d vLex Global (U.S. Academic Edition, Law Schools)  |d vLex Global (U.S. Academic Edition, excluding Law Schools)  |d vLex Global (Academic Edition, Law Schools) 
650 0 4 |a Contabilidad  |z Colombia 
650 0 4 |a Banca y finanzas  |z Colombia 
700 1 |a Solar Ramr̕ez, Celmira Rosa 
700 1 |a Barrientos Přez, Enoc 
740 0 |a vLex Libros (Servicio en ln̕ea) 
856 4 0 |u https://app.vlex.com/#/sources/35803  |z Acceso restringido 
942 |c BOOK 
999 0 |a Accounting 
999 0 |a Banking and finance